[Event "18th Asian-ch"]
[Site "New Delhi IND"]
[Date "2022.10.27"]
[Round "2.9"]
[White "Nurmamedov, Azat"]
[Black "Pranav, Anand"]
[Result "0-1"]
[WhiteElo "2382"]
[BlackElo "2502"]
[EventDate "2022.10.26"]
[PlyCount "86"]

1.Nf3 d5 2.d4 Nf6 3.g3 c5 4.Bg2 cxd4 5.O-O h6 6.Qxd4 Nc6 7.Qa4 Bd7 8.Qb3 
e5 9.c4 d4 10.e3 dxe3 11.Bxe3 Ng4 12.Rd1 Be7 13.h3 Nxe3 14.Qxe3 Qb6 15.
Qxb6 axb6 16.Nc3 Be6 17.Nd5 Bd8 18.Nd2 f5 19.Nb1 O-O 20.Nbc3 e4 21.f3 exf3
22.Bxf3 Ne5 23.Be2 Bd7 24.Nb5 g5 25.Rf1 f4 26.gxf4 gxf4 27.Rxf4 Rxf4 28.
Nxf4 Bg5 29.Nd5 Bxh3 30.Kh2 Bf5 31.Rf1 Bg6 32.a3 Rd8 33.Rd1 Bc2 34.Rd4 Rf8
35.Kg2 Kh7 36.Nd6 Bc1 37.Nxb7 Bxb2 38.Rh4 Bxa3 39.Rh5 Be4+ 40.Kg1 Ng6 41.
Rh3 Bb2 42.Bd3 Bd4+ 43.Kh2 Rf2+ 0-1

[Event "18th Asian-ch"]
[Site "New Delhi IND"]
[Date "2022.10.27"]
[Round "2.10"]
[White "Koustav, Chatterjee"]
[Black "Krishna Teja, N."]
[Result "1-0"]
[WhiteElo "2496"]
[BlackElo "2359"]
[EventDate "2022.10.26"]
[PlyCount "43"]

1.d4 Nf6 2.Nf3 e6 3.Bf4 d5 4.e3 Bd6 5.Nbd2 O-O 6.c3 c5 7.Bd3 Qc7 8.Bxd6 
Qxd6 9.Ne5 b6 10.f4 Ba6 11.Bc2 Nfd7 12.Qh5 f5 13.g4 Nf6 14.Qh4 cxd4 15.
exd4 Ne4 16.Rg1 Qd8 17.Qh3 Bc8 18.gxf5 exf5 19.O-O-O a5 20.Rxg7+ Kxg7 21.
Rg1+ Kh8 22.Qh6 1-0

[Event "18th Asian-ch"]
[Site "New Delhi IND"]
[Date "2022.10.27"]
[Round "2.11"]
[White "Sanket, Chakravarty"]
[Black "Batchuluun, Tsegmed"]
[Result "0-1"]
[WhiteElo "2372"]
[BlackElo "2487"]
[EventDate "2022.10.26"]
[PlyCount "92"]

1.c4 e5 2.Nc3 Nf6 3.Nf3 Nc6 4.g3 d5 5.cxd5 Nxd5 6.Bg2 Nb6 7.O-O Be7 8.b3 
O-O 9.Bb2 Be6 10.Rc1 Qd7 11.Ne4 f6 12.d4 exd4 13.Nxd4 Nxd4 14.Qxd4 Rfd8 
15.Rfd1 c6 16.Qxd7 Rxd7 17.Rxd7 Nxd7 18.Rd1 a5 19.Nd6 Nc5 20.e4 a4 21.b4 
a3 22.Bxa3 Na4 23.Nf5 Bf8 24.Rd2 Nc3 25.Bb2 Bxb4 26.Bxc3 Bxc3 27.Rc2 Be5 
28.f4 Bc7 29.Rb2 b5 30.Ne7+ Kf7 31.Nxc6 Bb6+ 32.Kf1 Bxa2 33.e5 Bc4+ 34.Ke1
Be3 35.Bf3 Ra1+ 36.Bd1 Ke6 37.exf6 gxf6 38.g4 Kd6 39.Nb4 Bxf4 40.Rf2 Bg5 
41.Nc2 Rc1 42.Nd4 Kc5 43.Nf3 Bb3 44.Nxg5 Rxd1+ 45.Ke2 fxg5 46.Rf5+ Rd5 0-1

[Event "18th Asian-ch"]
[Site "New Delhi IND"]
[Date "2022.10.27"]
[Round "2.12"]
[White "Viani, Antonio Dcunha"]
[Black "Aditya, Mittal"]
[Result "1/2-1/2"]
[WhiteElo "2342"]
[BlackElo "2486"]
[EventDate "2022.10.26"]
[PlyCount "97"]

1.e4 c5 2.Nf3 d6 3.d4 cxd4 4.Nxd4 Nf6 5.Nc3 a6 6.Be3 e5 7.Nb3 Be7 8.f3 Be6
9.Qd2 O-O 10.O-O-O Nbd7 11.g4 b5 12.g5 Nh5 13.Nd5 Bxd5 14.exd5 f6 15.h4 
Ng3 16.Rg1 Nxf1 17.Rdxf1 a5 18.Qd3 b4 19.g6 f5 20.gxh7+ Kh8 21.Nd2 Rf7 22.
Nc4 Nf8 23.Bg5 a4 24.Ne3 b3 25.cxb3 axb3 26.a3 Nxh7 27.Bxe7 Qxe7 28.Nxf5 
Qc7+ 29.Kd2 Raf8 30.Ng3 Nf6 31.Ne2 e4 32.Qxb3 Rb8 33.Qc2 Qxc2+ 34.Kxc2 
Nxd5 35.Rf2 Ne3+ 36.Kc3 d5 37.Kd4 Nf5+ 38.Kxd5 e3 39.Rfg2 Rb5+ 40.Ke4 Rxb2
41.Nd4 Rxg2 42.Rxg2 Nxd4 43.Kxd4 Rxf3 44.Re2 Rf4+ 45.Kc5 Rxh4 46.Rxe3 Kh7 
47.Kb5 Rh5+ 48.Kb6 Rh6+ 49.Kb5 1/2-1/2

[Event "18th Asian-ch"]
[Site "New Delhi IND"]
[Date "2022.10.27"]
[Round "2.13"]
[White "Muradov, Soltan"]
[Black "Atabaev, Maksat"]
[Result "0-1"]
[WhiteElo "2233"]
[BlackElo "2475"]
[EventDate "2022.10.26"]
[PlyCount "74"]

1.d4 Nf6 2.Nf3 e6 3.c4 Bb4+ 4.Bd2 a5 5.Qc2 d5 6.a3 Bxd2+ 7.Nbxd2 Nc6 8.Rd1
O-O 9.e4 dxe4 10.Nxe4 g6 11.Be2 b6 12.Ne5 Bb7 13.Bf3 Nxd4 14.Rxd4 Qxd4 15.
Nxf6+ Kg7 16.Bxb7 Qxe5+ 17.Ne4 Rad8 18.Qc3 Qxc3+ 19.Nxc3 Rd4 20.Ke2 Rxc4 
21.Rd1 Rb8 22.Ba6 b5 23.a4 c6 24.axb5 cxb5 25.Bxb5 Rxc3 26.bxc3 Rxb5 27.c4
Rb8 28.Ra1 Ra8 29.Kd3 Kf6 30.c5 Ke7 31.Kc4 Kd7 32.Ra3 Kc6 33.Ra4 e5 34.Ra3
a4 35.Kb4 Rd8 36.Re3 Rd4+ 37.Ka3 e4 0-1

[Event "18th Asian-ch"]
[Site "New Delhi IND"]
[Date "2022.10.27"]
[Round "2.14"]
[White "Chanda, Sandipan"]
[Black "Sharan, Rao"]
[Result "1-0"]
[WhiteElo "2474"]
[BlackElo "2350"]
[EventDate "2022.10.26"]
[PlyCount "49"]

1.d4 d5 2.c4 e6 3.Nc3 Nf6 4.cxd5 exd5 5.Bg5 Nbd7 6.e3 c6 7.Bd3 Be7 8.Qc2 
Nh5 9.Bxe7 Qxe7 10.O-O-O Nb6 11.Kb1 Bd7 12.Nge2 g6 13.Ka1 O-O-O 14.a4 Nf6 
15.a5 Nc4 16.Bxc4 dxc4 17.Qa4 Ne4 18.Nxe4 Qxe4 19.Qxc4 Be6 20.Nc3 Qxg2 21.
Qc5 Qxf2 22.d5 Qf5 23.Qxa7 Bxd5 24.a6 c5 25.Nxd5 1-0

[Event "18th Asian-ch"]
[Site "New Delhi IND"]
[Date "2022.10.27"]
[Round "2.15"]
[White "Saravana, Krishnan P."]
[Black "Mitrabha, Guha"]
[Result "1/2-1/2"]
[WhiteElo "2197"]
[BlackElo "2474"]
[EventDate "2022.10.26"]
[PlyCount "114"]

1.e4 e5 2.Nf3 Nc6 3.d4 exd4 4.Nxd4 Bc5 5.Nb3 Bb6 6.Nc3 Nge7 7.Bg5 d6 8.Qd2
O-O 9.a4 f6 10.Bf4 a5 11.Bc4+ Kh8 12.O-O f5 13.Rae1 fxe4 14.Bg5 Bf5 15.Nd5
Qd7 16.Nxb6 cxb6 17.Nd4 Ne5 18.Bb5 N7c6 19.f3 exf3 20.Nxf3 Qc7 21.Kh1 Bd7 
22.Qc3 Qc8 23.Be2 Bg4 24.Be3 Bxf3 25.gxf3 Nb4 26.Bxb6 Nd5 27.Qxc8 Rfxc8 
28.Bd4 Rxc2 29.b3 Rd2 30.Bxe5 dxe5 31.Bb5 g6 32.Rxe5 Rd8 33.Bc4 Nf4 34.
Rfe1 R8d7 35.R5e4 Nh5 36.Kg1 Ng7 37.Re7 Nf5 38.Rxd7 Rxd7 39.Kf2 Kg7 40.Re5
b6 41.Re6 Rd2+ 42.Ke1 Rd6 43.Re8 Kf6 44.f4 Kg7 45.Rb8 Kh6 46.Rb7 Ne3 47.
Bg8 Ng2+ 48.Kf2 Nxf4 49.h4 g5 50.hxg5+ Kxg5 51.Rxh7 Kf5 52.Re7 Nd3+ 53.Ke3
Ne5 54.Rb7 Ng4+ 55.Ke2 Ke5 56.Rg7 Nf6 57.Ke3 Nxg8 1/2-1/2

[Event "18th Asian-ch"]
[Site "New Delhi IND"]
[Date "2022.10.27"]
[Round "2.16"]
[White "Raja Rithvik, R."]
[Black "Winkelman, Albert"]
[Result "1-0"]
[WhiteElo "2470"]
[BlackElo "2229"]
[EventDate "2022.10.26"]
[PlyCount "39"]

1.d4 d5 2.c4 c6 3.Nf3 Nf6 4.Qb3 Qb6 5.Nc3 dxc4 6.Qxc4 Bf5 7.g3 Ne4 8.Bg2 
Nxc3 9.bxc3 Be4 10.Ng5 Bxg2 11.Qxf7+ Kd7 12.Qf5+ Ke8 13.Rb1 Qd8 14.Qf7+ 
Kd7 15.Ne6 Qc8 16.Rxb7+ Qxb7 17.Nc5+ Kc8 18.Qe8+ Kc7 19.Bf4+ Kb6 20.Qd8+ 
1-0

[Event "18th Asian-ch"]
[Site "New Delhi IND"]
[Date "2022.10.27"]
[Round "2.17"]
[White "Praggnanandhaa, Rameshbabu"]
[Black "Nigmatov, Ortik"]
[Result "1-0"]
[WhiteElo "2687"]
[BlackElo "2433"]
[EventDate "2022.10.26"]
[PlyCount "47"]

1.d4 Nf6 2.c4 e6 3.Nf3 d5 4.Nc3 Bb4 5.Qa4+ Nc6 6.a3 Bxc3+ 7.bxc3 Ne4 8.Bf4
Nxc3 9.Qc2 Ne4 10.h4 Na5 11.e3 c5 12.cxd5 exd5 13.Bd3 Qe7 14.dxc5 Nxc5 15.
Bxh7 Bd7 16.O-O Rc8 17.Rac1 Nc4 18.Bf5 Bxf5 19.Qxf5 Qd7 20.Qb1 Rc6 21.Rfd1
Rb6 22.Qa1 Qg4 23.Rxc4 dxc4 24.Qe5+ 1-0

[Event "18th Asian-ch"]
[Site "New Delhi IND"]
[Date "2022.10.27"]
[Round "2.18"]
[White "Yakubboev, Nodirbek"]
[Black "Atabaev, Saparmyrat"]
[Result "0-1"]
[WhiteElo "2663"]
[BlackElo "2433"]
[EventDate "2022.10.26"]
[PlyCount "112"]

1.c4 e5 2.g3 Nf6 3.Bg2 Nc6 4.Nc3 Bb4 5.Nd5 O-O 6.e3 Nxd5 7.cxd5 Ne7 8.Ne2 
c6 9.a3 Bd6 10.Nc3 b6 11.O-O Bb7 12.dxc6 Bxc6 13.d4 Bxg2 14.Kxg2 Qc8 15.e4
Qb7 16.f3 exd4 17.Qxd4 Bc5 18.Qd3 d5 19.exd5 Rad8 20.Rd1 Rfe8 21.Ra2 Bd6 
22.f4 Qd7 23.b4 Ng6 24.Rf2 a5 25.bxa5 bxa5 26.Ne4 Bf8 27.h3 Ne7 28.Rfd2 
Nf5 29.Re2 a4 30.Rde1 Rb8 31.Nd2 Rxe2+ 32.Rxe2 Ne7 33.Re4 Nxd5 34.Kh2 Qc7 
35.Rc4 Qa5 36.Rd4 Nf6 37.Kg2 h6 38.Ne4 Nxe4 39.Qxe4 Qc3 40.Rc4 Qb3 41.Kf2 
Qd1 42.f5 Rd8 43.g4 Qd7 44.Be3 Re8 45.Qc6 Qe7 46.Rc3 Rb8 47.Qxa4 Qe5 48.
Qd4 Qh2+ 49.Kf3 Qxh3+ 50.Ke2 Qg2+ 51.Kd3 Be7 52.Qd7 Qf1+ 53.Ke4 Qh1+ 54.
Kd3 Qd1+ 55.Bd2 Bg5 56.Rc8+ Kh7 0-1

[Event "18th Asian-ch"]
[Site "New Delhi IND"]
[Date "2022.10.27"]
[Round "2.19"]
[White "Aryan Chopra"]
[Black "Shahil, Dey"]
[Result "1/2-1/2"]
[WhiteElo "2629"]
[BlackElo "2395"]
[EventDate "2022.10.26"]
[PlyCount "115"]

1.e4 c5 2.Nf3 e6 3.d4 cxd4 4.Nxd4 a6 5.c4 Nf6 6.Nc3 Bb4 7.Nc2 Bxc3+ 8.bxc3
Nc6 9.Qe2 Qa5 10.Qe3 e5 11.Be2 d6 12.O-O Be6 13.Nb4 Nxb4 14.cxb4 Qc7 15.c5
d5 16.Bb2 d4 17.Qd3 O-O 18.f4 Bg4 19.Rae1 Rad8 20.fxe5 Qxe5 21.Bc1 Rfe8 
22.Bf4 Qxe4 23.Qxe4 Rxe4 24.Bxg4 Rxe1 25.Rxe1 Nxg4 26.Re7 g5 27.Bxg5 d3 
28.Bd2 Kf8 29.Re4 f5 30.Rf4 Rd5 31.h3 Nf6 32.Kf1 h5 33.Ke1 Ke7 34.Kd1 Ke6 
35.a4 Ke5 36.Rc4 Ne4 37.c6 bxc6 38.Rxc6 Rd6 39.Rxd6 Kxd6 40.Be3 Kd5 41.Kc1
Kc4 42.b5 axb5 43.axb5 Kxb5 44.Bd4 Kc4 45.Bg7 Kd5 46.Kd1 Nc5 47.Ke1 Ke4 
48.Bh6 Ne6 49.Bd2 Nd4 50.Bh6 f4 51.Bf8 Nc2+ 52.Kf2 Ne3 53.Bb4 Nf5 54.Bc3 
Nd4 55.Bb4 Ne2 56.Be1 Kd4 57.Kf3 Kc4 58.Ke4 1/2-1/2

[Event "18th Asian-ch"]
[Site "New Delhi IND"]
[Date "2022.10.27"]
[Round "2.20"]
[White "Hossain, Enamul"]
[Black "Zhumabaev, Rinat"]
[Result "0-1"]
[WhiteElo "2390"]
[BlackElo "2620"]
[EventDate "2022.10.26"]
[PlyCount "108"]

1.e4 c5 2.Nf3 d6 3.Bb5+ Nd7 4.c4 Nf6 5.Nc3 g6 6.d3 Bg7 7.h3 O-O 8.Ba4 a6 
9.O-O b6 10.Be3 Bb7 11.Qd2 e6 12.Bh6 Rc8 13.Rad1 Qe7 14.Rfe1 Rfd8 15.Bxg7 
Kxg7 16.Bxd7 Rxd7 17.d4 cxd4 18.Qxd4 e5 19.Qd3 Nh5 20.b3 Bc6 21.a4 Qd8 22.
Rd2 Qc7 23.Qe3 Qb8 24.Nd5 Bxd5 25.Rxd5 Nf6 26.Rd3 Rc5 27.Nd2 Qc7 28.g3 b5 
29.axb5 axb5 30.Kh2 Qc6 31.Ra1 bxc4 32.bxc4 Qc7 33.Rda3 Qd8 34.Ra6 Qe7 35.
Qd3 h5 36.Rb1 h4 37.g4 Ne8 38.Rbb6 Rc8 39.Kg2 Rcd8 40.Qe3 Nc7 41.Ra2 Ne6 
42.Kh2 Rb7 43.Rb5 Rc7 44.Rab2 Ra8 45.Rb8 Rxb8 46.Rxb8 Ra7 47.Rb2 Ra4 48.
Qb6 Nc5 49.Nb3 Rxc4 50.Nxc5 dxc5 51.Qc6 Qg5 52.Kg2 Rc3 53.Qb5 Qc1 54.Qe2 
Rxh3 0-1

[Event "18th Asian-ch"]
[Site "New Delhi IND"]
[Date "2022.10.27"]
[Round "2.21"]
[White "Puranik, Abhimanyu"]
[Black "Moksh Amit, Doshi"]
[Result "1-0"]
[WhiteElo "2603"]
[BlackElo "2430"]
[EventDate "2022.10.26"]
[PlyCount "93"]

1.c4 c5 2.Nc3 Nf6 3.g3 Nc6 4.Bg2 e6 5.Nf3 d5 6.cxd5 exd5 7.d4 cxd4 8.Nxd4 
Bc5 9.Nxc6 bxc6 10.O-O O-O 11.Bg5 h6 12.Bxf6 Qxf6 13.Nxd5 Qxb2 14.Rc1 cxd5
15.Rxc5 Be6 16.Rc2 Qe5 17.Rd2 Rfd8 18.Qa4 Rd7 19.Qa5 f6 20.e3 Rc8 21.Rfd1 
Rcd8 22.Rd4 Kh8 23.h4 Kg8 24.Rc1 Qb8 25.Bf3 Kh8 26.Kg2 Rd6 27.h5 Bg8 28.
Rc5 Qb6 29.Qc3 Qb8 30.a4 Be6 31.a5 R6d7 32.Rc6 Rd6 33.Rxd6 Qxd6 34.e4 Qe5 
35.Qe3 Rd6 36.exd5 Qxe3 37.fxe3 Bf7 38.e4 Kg8 39.Rb4 Kf8 40.Bg4 Ra6 41.
Rb8+ Ke7 42.Rb7+ Kf8 43.Rc7 Be8 44.Kh3 Bf7 45.Rc5 Ke7 46.Bc8 Kd6 47.Rb5 
1-0

[Event "18th Asian-ch"]
[Site "New Delhi IND"]
[Date "2022.10.27"]
[Round "2.22"]
[White "Nitin, S."]
[Black "Harsha, Bharathakoti"]
[Result "0-1"]
[WhiteElo "2407"]
[BlackElo "2582"]
[EventDate "2022.10.26"]
[PlyCount "88"]

1.e4 c5 2.Nf3 Nc6 3.Bc4 e6 4.O-O a6 5.Re1 g5 6.d4 g4 7.Ne5 Nxe5 8.dxe5 h5 
9.Nd2 Ne7 10.Bf1 b5 11.a4 Rb8 12.axb5 axb5 13.c4 b4 14.f4 gxf3 15.Nxf3 Nc6
16.Bf4 Be7 17.Qd2 Rg8 18.Kh1 Bb7 19.h3 Ra8 20.Bh2 Rg6 21.Qe2 Qc7 22.Rxa8+ 
Bxa8 23.Ra1 Bb7 24.Qd1 Kd8 25.Qd2 Kc8 26.Qf4 Nd8 27.Bd3 Bc6 28.b3 Kb8 29.
Bc2 Bb7 30.Bd3 Bc6 31.Bg3 Bb7 32.Bh4 f6 33.Bg3 fxe5 34.Nxe5 Rxg3 35.Nxd7+ 
Kc8 36.Nb6+ Qxb6 37.Qxg3 Qd6 38.Qxd6 Bxd6 39.g4 hxg4 40.hxg4 Nf7 41.Rg1 
Ng5 42.Re1 Kd7 43.Kg2 Bf4 44.Bc2 Kd6 0-1

[Event "18th Asian-ch"]
[Site "New Delhi IND"]
[Date "2022.10.27"]
[Round "2.23"]
[White "Panda, Sambit"]
[Black "Iniyan, P."]
[Result "1-0"]
[WhiteElo "2362"]
[BlackElo "2541"]
[EventDate "2022.10.26"]
[PlyCount "87"]

1.d4 g6 2.c4 Bg7 3.Nc3 c5 4.d5 Bxc3+ 5.bxc3 f5 6.h4 Qa5 7.h5 Qxc3+ 8.Bd2 
Qg7 9.h6 Qf6 10.Rc1 Qa6 11.Bc3 Nf6 12.Nh3 O-O 13.Ng5 b5 14.cxb5 Qd6 15.e3 
a6 16.a4 axb5 17.axb5 Bb7 18.Bc4 Nxd5 19.Bg7 e6 20.Bxf8 Qxf8 21.Bxd5 Bxd5 
22.O-O Ra5 23.Qe2 Qxh6 24.e4 fxe4 25.Nxe4 Qf4 26.Nxc5 Ra2 27.Nd3 Qg5 28.
Rc8+ Kf7 29.Ne5+ Kf6 30.Nf3 Rxe2 31.Nxg5 Kxg5 32.Rxb8 Rb2 33.Rc1 Bc6 34.
Rc5+ Kh6 35.Kh2 Bd5 36.Kg3 Rb3+ 37.f3 Rb2 38.Rc7 Bc6 39.bxc6 Rxb8 40.cxd7 
Rd8 41.Kf4 Kg7 42.Ke5 Kf7 43.Kd6 Ra8 44.d8=Q# 1-0

[Event "18th Asian-ch"]
[Site "New Delhi IND"]
[Date "2022.10.27"]
[Round "2.24"]
[White "Laxman, Rajaram"]
[Black "De Silva, L. M. S. T."]
[Result "1-0"]
[WhiteElo "2378"]
[BlackElo "2516"]
[EventDate "2022.10.26"]
[PlyCount "73"]

1.d4 Nf6 2.Nf3 e6 3.c4 d5 4.g3 Bb4+ 5.Bd2 Be7 6.Bg2 O-O 7.Qc2 c6 8.O-O b6 
9.Bf4 Nbd7 10.Rd1 Bb7 11.b3 Rc8 12.Nc3 Nh5 13.Bc1 f5 14.Bb2 Bd6 15.e3 Qe7 
16.Rac1 Nhf6 17.Ne2 Rfd8 18.Nf4 Bb8 19.Qe2 c5 20.Ng5 Nf8 21.dxc5 h6 22.c6 
Bxc6 23.Bxf6 Qxf6 24.Ngxe6 Nxe6 25.Nxe6 Re8 26.cxd5 Bd7 27.Rxc8 Rxc8 28.
Nd4 Re8 29.Qd3 Kh8 30.Nc6 Bxc6 31.dxc6 Bc7 32.Qa6 Rd8 33.Rd7 Rxd7 34.cxd7 
Qd6 35.Qc8+ Kh7 36.Bf3 b5 37.d8=Q 1-0

[Event "18th Asian-ch"]
[Site "New Delhi IND"]
[Date "2022.10.27"]
[Round "2.25"]
[White "Suleymenov, Alisher"]
[Black "Avinash, Ramesh"]
[Result "1-0"]
[WhiteElo "2491"]
[BlackElo "2338"]
[EventDate "2022.10.26"]
[PlyCount "65"]

1.d4 Nf6 2.c4 e6 3.Nf3 Bb4+ 4.Bd2 Bxd2+ 5.Qxd2 O-O 6.g3 d5 7.Bg2 c6 8.Ne5 
b6 9.Nc3 Bb7 10.e4 c5 11.cxd5 exd5 12.exd5 Nxd5 13.dxc5 Qe7 14.Nxd5 Qxe5+ 
15.Qe3 Bxd5 16.Qxe5 Bxg2 17.Rg1 Nc6 18.Qe3 Bd5 19.O-O-O Bxa2 20.b3 Na5 21.
b4 Nc6 22.Qe4 Rac8 23.Rd6 Nb8 24.Kb2 Be6 25.Rc1 bxc5 26.Rxc5 Rce8 27.Qb7 
a6 28.f3 Kh8 29.g4 Kg8 30.Rc7 Kh8 31.Re7 Rc8 32.Rdxe6 fxe6 33.Rxg7 1-0

[Event "18th Asian-ch"]
[Site "New Delhi IND"]
[Date "2022.10.27"]
[Round "2.26"]
[White "Shyaamnikhil, P."]
[Black "Sidhant, Mohapatra"]
[Result "1-0"]
[WhiteElo "2489"]
[BlackElo "2343"]
[EventDate "2022.10.26"]
[PlyCount "71"]

1.Nf3 d5 2.g3 Nf6 3.Bg2 Bf5 4.O-O e6 5.c4 c6 6.Qb3 Qb6 7.d3 Nbd7 8.cxd5 
exd5 9.Nc3 Qxb3 10.axb3 h6 11.Nd4 Bh7 12.h3 Bd6 13.f4 Nc5 14.b4 Ne6 15.Nc2
Nh5 16.f5 Nc7 17.g4 Nf6 18.Be3 a6 19.Bd4 Be7 20.e4 dxe4 21.dxe4 O-O-O 22.
Rad1 h5 23.g5 Nd7 24.Bxg7 Rhg8 25.f6 Rde8 26.h4 Ne5 27.Bh3+ Kb8 28.fxe7 
Rxg7 29.Rd8+ Ka7 30.Rxe8 Nxe8 31.Kh2 f6 32.gxf6 Rf7 33.Kg3 Rxf6 34.Rxf6 
Nxf6 35.Kf4 Nc4 36.Be6 1-0

[Event "18th Asian-ch"]
[Site "New Delhi IND"]
[Date "2022.10.27"]
[Round "2.27"]
[White "Karthik, Venkataraman"]
[Black "Ratnakaran, K."]
[Result "1-0"]
[WhiteElo "2486"]
[BlackElo "2329"]
[EventDate "2022.10.26"]
[PlyCount "89"]

1.d4 Nf6 2.c4 c5 3.d5 e6 4.Nc3 exd5 5.cxd5 d6 6.e4 g6 7.f4 Bg7 8.Bb5+ Nfd7
9.a4 Qh4+ 10.g3 Qe7 11.Nf3 a6 12.Bd3 h5 13.O-O h4 14.e5 hxg3 15.hxg3 dxe5 
16.f5 c4 17.Bc2 gxf5 18.Bxf5 Qc5+ 19.Kg2 Nf6 20.Nxe5 Bxf5 21.Rxf5 Nbd7 22.
Bg5 Nxe5 23.Rxe5+ Kf8 24.Qf3 Re8 25.Bxf6 Rxe5 26.Rf1 Rh7 27.Bxe5 Bxe5 28.
Qf5 Bxc3 29.bxc3 Rg7 30.Rh1 Qc7 31.g4 b5 32.axb5 axb5 33.Rh6 Rg8 34.d6 
Qb7+ 35.Kf1 Ke8 36.Rh2 b4 37.cxb4 c3 38.Re2+ Kf8 39.d7 Qh1+ 40.Kf2 Qh4+ 
41.Kf3 Qh3+ 42.Ke4 Rxg4+ 43.Kd5 Qh1+ 44.Kc5 Qg1+ 45.Kb5 1-0

[Event "18th Asian-ch"]
[Site "New Delhi IND"]
[Date "2022.10.27"]
[Round "2.28"]
[White "Vignesh, N. R."]
[Black "Raahul, V. S."]
[Result "1/2-1/2"]
[WhiteElo "2486"]
[BlackElo "2333"]
[EventDate "2022.10.26"]
[PlyCount "77"]

1.e4 e6 2.d4 d5 3.Nd2 c5 4.exd5 Qxd5 5.Ngf3 cxd4 6.Bc4 Qd7 7.O-O Nc6 8.Nb3
Nf6 9.Nbxd4 Bc5 10.Nxc6 Qxc6 11.Ne5 Qb6 12.Qe2 O-O 13.c3 Nd5 14.Rd1 Qc7 
15.Bd3 Bd6 16.Nf3 Bd7 17.c4 Nf4 18.Bxf4 Bxf4 19.g3 Bh6 20.Ne5 Rad8 21.Qh5 
f5 22.Qe2 Bc8 23.Bc2 g6 24.b4 Bg7 25.Rxd8 Rxd8 26.Re1 Rd4 27.Nf3 Rxc4 28.
Bb3 Re4 29.Qd1 Bh6 30.Rxe4 fxe4 31.Nd4 Qe5 32.Nc6 bxc6 33.Qd8+ Kf7 34.Qxc8
e3 35.Qd7+ Kf6 36.Qd8+ Kf7 37.Qd7+ Kf6 38.Qd8+ Kf7 39.Qd7+ 1/2-1/2

[Event "18th Asian-ch"]
[Site "New Delhi IND"]
[Date "2022.10.27"]
[Round "2.29"]
[White "Jaiswal, Rupesh"]
[Black "Samant Aditya, S."]
[Result "0-1"]
[WhiteElo "2135"]
[BlackElo "2467"]
[EventDate "2022.10.26"]
[PlyCount "100"]

1.e4 c5 2.Nf3 d6 3.Bb5+ Nd7 4.a4 Nf6 5.Nc3 a6 6.Be2 g6 7.a5 Bg7 8.O-O O-O 
9.d3 Nb8 10.e5 Ne8 11.exd6 Nxd6 12.Re1 Nc6 13.Be3 Nd4 14.Na4 Qxa5 15.c3 
Nxe2+ 16.Qxe2 b5 17.Nxc5 Qc7 18.d4 Nc4 19.b3 Nxe3 20.Qxe3 Ra7 21.b4 a5 22.
bxa5 Rxa5 23.Rxa5 Qxa5 24.Qxe7 Qxc3 25.Ne4 Qc6 26.Nd6 Bh3 27.Nh4 Bg4 28.h3
Bc8 29.Nf3 Bxh3 30.Kh2 Bc8 31.Ne5 Qd5 32.Nexf7 Qxd4 33.Re3 Qf6 34.Qe4 Bd7 
35.Rf3 Qe6 36.Qf4 Bc6 37.Re3 Rxf7 38.Nxf7 Qxf7 39.Qd6 Qd7 40.Qb8+ Bf8 41.
f4 Qd2 42.Rg3 Qd6 43.Qc8 Bd7 44.Qd8 Qe7 45.Qxe7 Bxe7 46.Re3 Kf7 47.Kg3 b4 
48.Kf3 Be6 49.g4 b3 50.f5 Bd5+ 0-1

[Event "18th Asian-ch"]
[Site "New Delhi IND"]
[Date "2022.10.27"]
[Round "2.30"]
[White "Ayush, Sharma"]
[Black "Ajay, Karthikeyan"]
[Result "1/2-1/2"]
[WhiteElo "2267"]
[BlackElo "2441"]
[EventDate "2022.10.26"]
[PlyCount "61"]

1.e4 e5 2.Nf3 Nc6 3.Bb5 a6 4.Ba4 Nf6 5.O-O Nxe4 6.d4 b5 7.Bb3 d5 8.dxe5 
Be6 9.Nbd2 Be7 10.Nxe4 dxe4 11.Bxe6 Qxd1 12.Rxd1 fxe6 13.Ng5 Bxg5 14.Bxg5 
Rf8 15.Re1 h6 16.Bh4 g5 17.Bg3 O-O-O 18.c3 Rd2 19.Rab1 h5 20.h4 gxh4 21.
Bxh4 Nxe5 22.Rxe4 Ng6 23.Bg5 Rdxf2 24.Rxe6 Nf4 25.Bxf4 R8xf4 26.Rxa6 Rc2 
27.Rg6 Rg4 28.Rxg4 hxg4 29.Kh2 Kb7 30.Kg3 c5 31.Kxg4 1/2-1/2

[Event "18th Asian-ch"]
[Site "New Delhi IND"]
[Date "2022.10.27"]
[Round "2.31"]
[White "Gupta, Abhijeet"]
[Black "Tologon, Tegin Semetei"]
[Result "0-1"]
[WhiteElo "2607"]
[BlackElo "2382"]
[EventDate "2022.10.26"]
[PlyCount "134"]

1.d4 Nf6 2.c4 e6 3.Nf3 Bb4+ 4.Bd2 a5 5.a3 Bxd2+ 6.Qxd2 d6 7.Nc3 Nbd7 8.e3 
O-O 9.Bd3 e5 10.O-O-O Qe7 11.Qc2 Re8 12.Nd2 Nf8 13.h3 Ng6 14.g3 c6 15.h4 
Bg4 16.f3 Bxf3 17.Nxf3 e4 18.h5 exd3 19.Rxd3 Nf8 20.Kb1 b5 21.h6 bxc4 22.
Rdd1 g6 23.Rde1 d5 24.e4 dxe4 25.Nd2 Qd7 26.Ndxe4 Nxe4 27.Rxe4 Rxe4 28.
Nxe4 Qxd4 29.Rd1 Qe5 30.Qxc4 Re8 31.Re1 Re6 32.Re2 g5 33.Nc3 Qf5+ 34.Ka2 
Rxh6 35.g4 Qf4 36.Re4 Qd6 37.Re8 Re6 38.Ra8 Qe5 39.Qa4 Kg7 40.Rxa5 Qe3 41.
Ra6 Qc5 42.Ra5 Qe3 43.Ra6 Qc5 44.Ra8 Nd7 45.Rd8 Nf6 46.Rd4 h5 47.Rc4 Qe5 
48.gxh5 Nxh5 49.Qd1 Nf6 50.a4 g4 51.Qg1 Rd6 52.Rc5 Qe6+ 53.Ka3 Rd3 54.Rg5+
Kh6 55.Ra5 Qd6+ 56.Ka2 Qe6+ 57.Ka1 Re3 58.Qh2+ Kg6 59.Nd1 Re1 60.Qd2 Nd5 
61.Rc5 f5 62.Rc1 Re4 63.b3 g3 64.Nb2 Re2 65.Qd4 Re1 66.Nd3 Rxc1+ 67.Nxc1 
Qe1 0-1

[Event "18th Asian-ch"]
[Site "New Delhi IND"]
[Date "2022.10.27"]
[Round "2.32"]
[White "Wagh, Suyog"]
[Black "Visakh, N. R."]
[Result "1/2-1/2"]
[WhiteElo "2351"]
[BlackElo "2566"]
[EventDate "2022.10.26"]
[PlyCount "66"]

1.d4 Nf6 2.c4 e6 3.Nf3 d5 4.Nc3 Bb4 5.Qa4+ Nc6 6.a3 Bxc3+ 7.bxc3 Bd7 8.
cxd5 exd5 9.Qc2 h6 10.Bf4 O-O 11.e3 Re8 12.h3 Na5 13.Bd3 c5 14.dxc5 Rc8 
15.O-O Rxc5 16.Be5 Rc8 17.Bd4 Ne4 18.Ne5 Nc6 19.Nxc6 bxc6 20.c4 Qg5 21.c5 
Qh4 22.f3 Ng5 23.Qf2 Qxf2+ 24.Kxf2 Ne6 25.Rab1 Rb8 26.Rfc1 f6 27.a4 Kf7 
28.Rxb8 Rxb8 29.Rb1 Rxb1 30.Bxb1 Bc8 31.Bc2 Nxd4 32.exd4 a5 33.Bd3 g5 
1/2-1/2

[Event "18th Asian-ch"]
[Site "New Delhi IND"]
[Date "2022.10.27"]
[Round "2.33"]
[White "Pranav, V."]
[Black "Singh, Ojasva"]
[Result "1/2-1/2"]
[WhiteElo "2530"]
[BlackElo "2382"]
[EventDate "2022.10.26"]
[PlyCount "114"]

1.e4 e5 2.Nf3 Nc6 3.Bb5 a6 4.Ba4 Nf6 5.O-O b5 6.Bb3 Bc5 7.a4 Rb8 8.c3 d6 
9.d4 Bb6 10.Qd3 O-O 11.Bg5 Qe7 12.Bxf6 gxf6 13.axb5 axb5 14.Qxb5 Bd7 15.
Qd3 f5 16.Nbd2 fxe4 17.Nxe4 Kh8 18.dxe5 dxe5 19.Rad1 Rbd8 20.Qc2 f5 21.Ng3
e4 22.Nd4 Nxd4 23.cxd4 Bb5 24.Bc4 Bxc4 25.Qxc4 f4 26.Ne2 Qg7 27.f3 Rg8 28.
g3 fxg3 29.hxg3 Qh6 30.Kg2 Qe3 31.d5 Rde8 32.Qc3+ Qxc3 33.Nxc3 exf3+ 34.
Rxf3 Rg4 35.Rf4 Reg8 36.Ne2 Bc5 37.Kf3 R4g5 38.Kg2 Re5 39.Nc3 Re3 40.Rf3 
Rxf3 41.Kxf3 Rf8+ 42.Kg4 Bd6 43.Ne4 Be5 44.b3 Kg7 45.Rc1 Rd8 46.Rc5 Kg6 
47.Rc6+ Kg7 48.Rc5 Kg6 49.Kf3 Rf8+ 50.Kg2 Kf5 51.Kf3 Kg6+ 52.Ke2 Kf5 53.
Kd3 Rb8 54.d6 cxd6 55.Nxd6+ Ke6 56.Nb5 Rg8 57.Nd4+ Bxd4 1/2-1/2

[Event "18th Asian-ch"]
[Site "New Delhi IND"]
[Date "2022.10.27"]
[Round "2.34"]
[White "Ritviz, Parab"]
[Black "Arjun Kalyan"]
[Result "1-0"]
[WhiteElo "2337"]
[BlackElo "2526"]
[EventDate "2022.10.26"]
[PlyCount "87"]

1.g3 d5 2.Nf3 g6 3.Bg2 Bg7 4.d4 c6 5.O-O Nf6 6.c4 dxc4 7.a4 Ne4 8.Nc3 Nd6 
9.e4 O-O 10.Bf4 Bg4 11.Qd2 Qc8 12.Bh6 Bh3 13.Rad1 Rd8 14.Bxg7 Kxg7 15.Qf4 
Bxg2 16.Kxg2 Nd7 17.d5 Qb8 18.e5 Nf5 19.g4 Nh6 20.d6 e6 21.Ne4 Ng8 22.h4 
Rf8 23.g5 h5 24.Nf6 Nb6 25.a5 Nd5 26.Qxc4 Rd8 27.Nxd5 exd5 28.Qc3 Kh7 29.
Rd4 Rd7 30.Rf4 Qf8 31.Nd4 Qg7 32.Re1 Re8 33.Nb3 Rdd8 34.Qf3 Rf8 35.Nd4 c5 
36.Nb5 d4 37.Qxb7 Rb8 38.Qc6 d3 39.Qxc5 a6 40.Nc7 Rxb2 41.Qc3 Re2 42.Rxe2 
dxe2 43.Re4 Rd8 44.Qe3 1-0

[Event "18th Asian-ch"]
[Site "New Delhi IND"]
[Date "2022.10.27"]
[Round "2.35"]
[White "Sankalp, Gupta"]
[Black "Dushyant, Sharma"]
[Result "1/2-1/2"]
[WhiteElo "2502"]
[BlackElo "2370"]
[EventDate "2022.10.26"]
[PlyCount "87"]

1.e4 e5 2.Nf3 Nc6 3.Bb5 a6 4.Ba4 Nf6 5.O-O b5 6.Bb3 Bc5 7.Re1 d6 8.c3 O-O 
9.d4 Bb6 10.Be3 Bg4 11.dxe5 dxe5 12.Qe2 Na5 13.Bxb6 cxb6 14.Nbd2 Qc7 15.h3
Nxb3 16.axb3 Bc8 17.Nf1 Bb7 18.Ng3 Rad8 19.Rad1 Rfe8 20.Rxd8 Rxd8 21.b4 
Ne8 22.h4 Bc8 23.Rd1 f6 24.Rxd8 Qxd8 25.Qe3 Nd6 26.Nd2 Be6 27.Ne2 a5 28.
bxa5 bxa5 29.Qc5 h6 30.Ng3 Kh7 31.Ndf1 Qd7 32.Ne3 Nc4 33.Nxc4 Bxc4 34.Qe3 
Qd1+ 35.Kh2 Qg4 36.Nf5 Bf1 37.Qg3 Qxg3+ 38.Kxg3 g6 39.Ne3 Bd3 40.Kf3 h5 
41.Nd5 Kg7 42.Ke3 Bf1 43.g3 Kf7 44.f4 1/2-1/2